000 00716nam a2200253Ia 4500
003 OSt
005 20221005021813.0
006 a|||||r|||| 00| 0
007 ta
008 221004b |||||||| |||| 00| 0 urd d
020 _c1.75
024 _a5768
037 _cTextual
040 _aCRL
_cCRL
_burd
041 _2urd
_aurd
082 _aO168,4M5x, D4
100 _aMarharvi Mohammad Ameen Zuberi Ed.
_9577482
245 0 _aMakatib
_b Muhsinal-e- Mulk wa Viqar-ul-mulk
260 _aAgra
_bShamsi masheen press India
_c1904
300 _a140p.
_ccm.
650 _aURDU LETTERS
942 _hO168,4M5x, D4
_cTEXL
_2cc
999 _c928167
_d928167